01187cam a22003135a 4500001001000000003000400010005001700014008004100031020001800072040003600090043003000126082002400156100002500180245008200205260004900287300003400336490005000370500003300420500002400453504003100477650001000508651005000518651005000568651005500618653002100673942000800694999001700702952015400719017578192OSt20160608120836.0151009t2016 enkb frb 001 0 eng d a9781784534660 aStDuBDSbengcStDuBDSdEG-ScBUE aa-su---aa-ir---aaw-----04222a327.538055bMAB1 aMabon, Simon.94013310aSaudi Arabia and Iran :bpower and rivalry in the Middle East /cSimon Mabon. aLondon ;aNew York :bI. B. Tauris,cc.2016. axii, 298 p. :bmaps ;c20 cm.0 aLibrary of modern Middle East studies ;v132. aOriginally published : 2013. aIndex : p. 291-298. aBibliography : p. 269-290. 2BUEsh 0aSaudi ArabiaxForeign relationszIran.2BUEsh 0aIranxForeign relationszSaudi Arabia.2BUEsh 0aMiddle EastxPolitics and governmenty1979-2BUEsh bBUSBOLcJune2016 2ddc c21854d21826 00102ddc40708AlahramaMAINbMAINc1STd2016-06-08ePurchaseg154.00l2m7o327.538055 MABp000032638r2025-07-15 00:00:00s2017-11-06v192.50yBB